[Event "18. Open de Sants Hostafrancs 2016 - B"]
[Site "Barcelona ESP"]
[Date "2016.08.23"]
[Round "5.4"]
[White "Lopez Baena, David"]
[Black "Perez Garcia, Jose Miguel"]
[Result "0-1"]
[WhiteElo "2019"]
[BlackElo "1931"]
[PlyCount "176"]
[EventDate "2016.08.19"]
[EventType "swiss"]
[EventRounds "10"]
[EventCountry "ESP"]
[SourceTitle "Ajedrez en Madrid"]
[Source "lmi"]
[SourceDate "2016.08.19"]

1. d4 Nf6 2. Nf3 c5 3. d5 d6 4. Nc3 g6 5. e4 Bg7 6. Be2 O-O 7. O-O Bg4 8. h3
Bxf3 9. Bxf3 Nfd7 10. Bg5 Na6 11. Qd2 Rb8 12. a4 Re8 13. Be2 Qa5 14. Nd1 Qxd2
15. Bxd2 Nc7 16. Bb5 Red8 17. Bc3 Nf6 18. Bd3 b6 19. b3 e6 20. dxe6 Nxe6 21.
Re1 Nf4 22. Bc4 Re8 23. f3 d5 24. Bb5 Re6 25. Nf2 dxe4 26. Nxe4 Nxe4 27. Bxg7
Kxg7 28. fxe4 Rd8 29. Rad1 Red6 30. Rxd6 Rxd6 31. Rf1 g5 32. h4 h6 33. hxg5
hxg5 34. Bc4 f6 35. Rf2 Ng6 36. Bd5 Nf4 37. c4 Kg6 38. Rd2 Kg7 39. Kf2 Ne6 40.
g3 Nd4 41. b4 Rd8 42. bxc5 bxc5 43. Rb2 Rd7 44. a5 Kf8 45. a6 Ke7 46. Rb8 Nc2
47. Rc8 Nb4 48. Bb7 Rd2+ 49. Ke1 Ra2 50. Ra8 Nxa6 51. Rxa7 Nb4 52. Rxa2 Nxa2
53. Kd2 Kd6 54. Ke3 Ke5 55. Bd5 Nc3 56. Bb7 Nd1+ 57. Kd3 Nb2+ 58. Kc3 Na4+ 59.
Kd3 Nb6 60. Bc6 Nc8 61. Bb7 Nd6 62. Bd5 f5 63. exf5 Nxf5 64. g4 Nh6 65. Ke3
Nxg4+ 66. Kf3 Nf6 67. Bf7 Kf5 68. Kg3 Ne4+ 69. Kg2 Kf4 70. Bd5 Nc3 71. Bg8 Nd1
72. Bf7 Ne3+ 73. Kf2 g4 74. Bg8 g3+ 75. Kg1 Kf3 76. Be6 Ke4 77. Bg8 Kd3 78. Bf7
Ke2 79. Bh5+ Kd2 80. Bf7 Kc3 81. Bg8 Kd4 82. Be6 Ke5 83. Bf7 Kf4 84. Bg8 Kf3
85. Bf7 g2 86. Be6 Kg3 87. Bf7 Nf5 88. Bg6 Nh4 0-1

[Event "18. Open de Sants Hostafrancs 2016 - B"]
[Site "Barcelona ESP"]
[Date "2016.08.23"]
[Round "5.5"]
[White "Baeza Labat, Josep"]
[Black "Mamah, Isabelle"]
[Result "1-0"]
[WhiteElo "1992"]
[BlackElo "1893"]
[PlyCount "59"]
[EventDate "2016.08.19"]
[EventType "swiss"]
[EventRounds "10"]
[EventCountry "ESP"]
[SourceTitle "Ajedrez en Madrid"]
[Source "lmi"]
[SourceDate "2016.08.19"]

1. e4 c5 2. Nf3 g6 3. d4 cxd4 4. Qxd4 Nf6 5. Bb5 Nc6 6. Bxc6 bxc6 7. e5 Nd5 8.
e6 f6 9. exd7+ Bxd7 10. O-O Bg7 11. Nc3 Nxc3 12. Qxc3 O-O 13. Be3 e5 14. Rfd1
Qc8 15. Rd6 Qc7 16. Rad1 Rfd8 17. Qc4+ Kh8 18. Qf7 Rf8 19. Qxd7 Qa5 20. Qh3 g5
21. Bxg5 e4 22. Bh6 exf3 23. Bxg7+ Kxg7 24. Rd7+ Rf7 25. Rxf7+ Kxf7 26. Qxh7+
Ke6 27. Qd7+ Ke5 28. Qd4+ Kf5 29. Qd3+ Ke6 30. Qe4+ 1-0

[Event "18. Open de Sants Hostafrancs 2016 - B"]
[Site "Barcelona ESP"]
[Date "2016.08.23"]
[Round "5.6"]
[White "Caparros Hernandez, Alejandro"]
[Black "Magallanes, Gustavo"]
[Result "0-1"]
[WhiteElo "1783"]
[BlackElo "1980"]
[PlyCount "78"]
[EventDate "2016.08.19"]
[EventType "swiss"]
[EventRounds "10"]
[EventCountry "ESP"]
[SourceTitle "Ajedrez en Madrid"]
[Source "lmi"]
[SourceDate "2016.08.19"]

1. e4 c5 2. Nf3 e6 3. d3 Nc6 4. g3 Nge7 5. Bg2 d5 6. Nbd2 g6 7. O-O Bg7 8. Re1
O-O 9. Nf1 b5 10. e5 a5 11. c3 Ba6 12. d4 cxd4 13. cxd4 Qb6 14. g4 Rfc8 15. Bg5
Ra7 16. a3 b4 17. Qd2 Rac7 18. Ng3 Rb7 19. Qf4 Qd8 20. h4 Qf8 21. h5 h6 22. Bf6
Kh7 23. g5 Bd3 24. Bf1 Bxf1 25. Kxf1 Nf5 26. hxg6+ fxg6 27. Nxf5 exf5 28. Rac1
h5 29. Rc5 Qe8 30. Rxd5 bxa3 31. bxa3 Bf8 32. Rc1 Qe6 33. Rdc5 Bxc5 34. Rxc5
Na7 35. d5 Qa6+ 36. Kg2 Rxc5 37. d6 Rc4 38. Qd2 Rg4+ 39. Kh3 Qf1+ 0-1

[Event "18. Open de Sants Hostafrancs 2016 - B"]
[Site "Barcelona ESP"]
[Date "2016.08.23"]
[Round "5.7"]
[White "Megias Chafer, Alejandro"]
[Black "Lupo, Francesco"]
[Result "1-0"]
[WhiteElo "2087"]
[BlackElo "1897"]
[PlyCount "57"]
[EventDate "2016.08.19"]
[EventType "swiss"]
[EventRounds "10"]
[EventCountry "ESP"]
[SourceTitle "Ajedrez en Madrid"]
[Source "lmi"]
[SourceDate "2016.08.19"]

1. e4 d5 2. exd5 Qxd5 3. Nc3 Qa5 4. d4 Nf6 5. Nf3 c6 6. Bc4 Bg4 7. Bd2 Qd8 8.
Bxf7+ Kxf7 9. Ne5+ Ke8 10. Nxg4 Qxd4 11. Ne3 e6 12. Qe2 Kf7 13. O-O-O Nbd7 14.
Rhe1 Re8 15. Kb1 b5 16. Bc1 Qb6 17. g4 Bb4 18. g5 Bxc3 19. bxc3 Nd5 20. Qf3+
Kg8 21. Nxd5 cxd5 22. Ba3 Qd8 23. Qg4 Kf7 24. Rd3 Qb6 25. Qf3+ Kg8 26. Rxd5 Qc6
27. Qd3 Rd8 28. Rd6 Qc7 29. Rd1 1-0

[Event "18. Open de Sants Hostafrancs 2016 - B"]
[Site "Barcelona ESP"]
[Date "2016.08.23"]
[Round "5.8"]
[White "Ayala Abenza, Jose Luis"]
[Black "Ritter Aguilar, Jordi"]
[Result "1-0"]
[WhiteElo "2071"]
[BlackElo "1896"]
[PlyCount "71"]
[EventDate "2016.08.19"]
[EventType "swiss"]
[EventRounds "10"]
[EventCountry "ESP"]
[SourceTitle "Ajedrez en Madrid"]
[Source "lmi"]
[SourceDate "2016.08.19"]

1. d4 e6 2. Nf3 d5 3. e3 Nf6 4. Bd3 Bd6 5. b3 O-O 6. O-O c6 7. Nbd2 Nbd7 8. Bb2
Ne8 9. e4 f6 10. c4 f5 11. e5 Be7 12. cxd5 cxd5 13. Qe2 g5 14. Ne1 Ng7 15. f4
g4 16. Nc2 Rf7 17. Ne3 Nf8 18. Rac1 Ng6 19. Rc2 Bf8 20. g3 Bd7 21. Nb1 a6 22.
Nc3 Bc6 23. Rfc1 h5 24. Ncd1 h4 25. Nxg4 Nxf4 26. gxf4 fxg4 27. Qxg4 Bb5 28.
Bg6 Rd7 29. a4 Bc6 30. Rg2 Kh8 31. f5 exf5 32. Bxf5 Rf7 33. Ne3 Bd7 34. Bxd7
Qxd7 35. Qxh4+ Kg8 36. Ng4 1-0

[Event "18. Open de Sants Hostafrancs 2016 - B"]
[Site "Barcelona ESP"]
[Date "2016.08.23"]
[Round "5.9"]
[White "Sarto Ramos, Angel"]
[Black "Castrillo Mansego, Pablo"]
[Result "1/2-1/2"]
[WhiteElo "1890"]
[BlackElo "2028"]
[PlyCount "138"]
[EventDate "2016.08.19"]
[EventType "swiss"]
[EventRounds "10"]
[EventCountry "ESP"]
[SourceTitle "Ajedrez en Madrid"]
[Source "lmi"]
[SourceDate "2016.08.19"]

1. Nf3 c5 2. g3 Nf6 3. Bg2 g6 4. O-O Bg7 5. d3 d5 6. c4 O-O 7. Na3 Nc6 8. Bd2
e5 9. cxd5 Nxd5 10. Qc1 b6 11. Bh6 Bb7 12. Bxg7 Kxg7 13. Nc4 f6 14. a3 Qe7 15.
h4 Rac8 16. e4 Nc7 17. Ne3 Rcd8 18. Rd1 Nd4 19. Nxd4 Rxd4 20. b4 cxb4 21. axb4
Nb5 22. Ng4 Rxb4 23. Qh6+ Kg8 24. h5 Qg7 25. Qd2 a5 26. Nh6+ Kh8 27. hxg6 hxg6
28. Kh2 Kh7 29. Rh1 Qxh6+ 30. Kg1 Qxh1+ 31. Kxh1 Nd4 32. Qd1 Kg7 33. Rc1 Rf7
34. Rc4 Rxc4 35. dxc4 Rc7 36. Qb1 Rc6 37. Bf1 Ba6 38. Qa2 Bb7 39. Bd3 Bc8 40.
Qa3 Kf7 41. Qc1 Kg7 42. f4 Bd7 43. fxe5 fxe5 44. Qg5 Re6 45. Qd8 Ba4 46. c5
bxc5 47. Qxa5 Bc6 48. Qc7+ Kh6 49. Qd8 Kg7 50. Qc7+ Kh6 51. Qd8 Kg7 52. g4 Re8
53. Qc7+ Kh6 54. Kg2 c4 55. Bxc4 Bxe4+ 56. Kg3 Rf8 57. g5+ Kxg5 58. Qe7+ Rf6
59. Qxe5+ Nf5+ 60. Kh2 Bc6 61. Bd3 Rf7 62. Qc5 Rf6 63. Qc1+ Kg4 64. Be2+ Bf3
65. Qc4+ Kh5 66. Bxf3+ Kh6 67. Qg8 Nh4 68. Bh1 Kg5 69. Qd8 Kf5 1/2-1/2

[Event "18. Open de Sants Hostafrancs 2016 - B"]
[Site "Barcelona ESP"]
[Date "2016.08.23"]
[Round "5.10"]
[White "Mas Recorda, Pere"]
[Black "Povill Batlle, Ramon"]
[Result "1-0"]
[WhiteElo "2027"]
[BlackElo "1886"]
[PlyCount "73"]
[EventDate "2016.08.19"]
[EventType "swiss"]
[EventRounds "10"]
[EventCountry "ESP"]
[SourceTitle "Ajedrez en Madrid"]
[Source "lmi"]
[SourceDate "2016.08.19"]

1. d4 d5 2. c4 e5 3. dxe5 d4 4. Nf3 Nc6 5. Nbd2 Nge7 6. Nb3 Ng6 7. Nbxd4 Ngxe5
8. Nxe5 Nxe5 9. e3 Bg4 10. f3 Bd7 11. e4 Bc5 12. Be3 Qe7 13. Qc2 O-O 14. a3 a5
15. Be2 Ra6 16. O-O Rg6 17. Kh1 Rd8 18. Rad1 Bd6 19. Nf5 Bxf5 20. exf5 Qh4 21.
g3 Rxg3 22. Bf2 Nc6 23. c5 Bf4 24. Rxd8+ Nxd8 25. Rd1 Nc6 26. Qe4 g5 27. Bxg3
Bxg3 28. Qxh4 Bxh4 29. Kg2 g4 30. fxg4 Bf6 31. b3 Nd4 32. Bc4 Kf8 33. Kf2 Be5
34. h3 f6 35. Rd2 Ke7 36. Ke3 b5 37. Rxd4 1-0

[Event "18. Open de Sants Hostafrancs 2016 - B"]
[Site "Barcelona ESP"]
[Date "2016.08.24"]
[Round "6.1"]
[White "Vigo Allepuz, David"]
[Black "Jove Grau, Lluis"]
[Result "1-0"]
[WhiteElo "2019"]
[BlackElo "2063"]
[PlyCount "69"]
[EventDate "2016.08.19"]
[EventType "swiss"]
[EventRounds "10"]
[EventCountry "ESP"]
[SourceTitle "Ajedrez en Madrid"]
[Source "lmi"]
[SourceDate "2016.08.19"]

1. d4 Nf6 2. Nf3 g6 3. c4 Bg7 4. Nc3 O-O 5. e4 d6 6. h3 c6 7. Be2 a6 8. a4 a5
9. O-O Na6 10. Bg5 h6 11. Be3 Kh7 12. Ne1 Nb4 13. f4 d5 14. e5 Ne4 15. Nxe4
dxe4 16. Nc2 Nxc2 17. Qxc2 f5 18. Qb3 e6 19. Kh2 b6 20. c5 Ba6 21. Bxa6 Rxa6
22. Qxe6 bxc5 23. Rfd1 Re8 24. Qc4 Ra7 25. dxc5 Qe7 26. Rd6 g5 27. g3 Rb7 28.
Qc3 gxf4 29. gxf4 Qf7 30. Bd4 Rg8 31. Rg1 Rb3 32. e6 Qb7 33. Rd7 Rxc3 34. Rxb7
Rc2+ 35. Kh1 1-0

[Event "18. Open de Sants Hostafrancs 2016 - B"]
[Site "Barcelona ESP"]
[Date "2016.08.24"]
[Round "6.2"]
[White "Magallanes, Gustavo"]
[Black "Baeza Labat, Josep"]
[Result "0-1"]
[WhiteElo "1980"]
[BlackElo "1992"]
[PlyCount "102"]
[EventDate "2016.08.19"]
[EventType "swiss"]
[EventRounds "10"]
[EventCountry "ESP"]
[SourceTitle "Ajedrez en Madrid"]
[Source "lmi"]
[SourceDate "2016.08.19"]

1. e4 e5 2. Nc3 Nf6 3. Bc4 Nxe4 4. Qh5 Nd6 5. Qxe5+ Qe7 6. Qxe7+ Bxe7 7. Bb3
O-O 8. Nf3 c6 9. O-O Ne8 10. Re1 Bd8 11. d4 d5 12. Bf4 Bf5 13. Re3 Nd7 14. Rae1
Bf6 15. h3 h5 16. Nb1 g6 17. Nbd2 Ng7 18. c3 Rfe8 19. Ne5 Nxe5 20. Bxe5 Bxe5
21. Rxe5 Rxe5 22. Rxe5 Re8 23. c4 Rxe5 24. dxe5 d4 25. c5 Be6 26. Bc4 a5 27.
Bxe6 Nxe6 28. Ne4 g5 29. g4 h4 30. b3 Kg7 31. a3 Kg6 32. b4 axb4 33. axb4 Nf4
34. Nd6 Nxh3+ 35. Kf1 Nf4 36. Nf5 d3 37. Ne3 h3 38. Kg1 Nd5 39. Nc4 Nxb4 40.
Kh2 Na6 41. Kxh3 Nxc5 42. Nd2 Nd7 43. Kg3 Nxe5 44. f4 gxf4+ 45. Kxf4 Nd7 46.
Ke3 Kg5 47. Kxd3 Kxg4 48. Ne4 f5 49. Nd6 b6 50. Nc4 Kg3 51. Ke2 f4 0-1

[Event "18. Open de Sants Hostafrancs 2016 - B"]
[Site "Barcelona ESP"]
[Date "2016.08.24"]
[Round "6.3"]
[White "Perez Garcia, Jose Miguel"]
[Black "Megias Chafer, Alejandro"]
[Result "0-1"]
[WhiteElo "1931"]
[BlackElo "2087"]
[PlyCount "96"]
[EventDate "2016.08.19"]
[EventType "swiss"]
[EventRounds "10"]
[EventCountry "ESP"]
[SourceTitle "Ajedrez en Madrid"]
[Source "lmi"]
[SourceDate "2016.08.19"]

1. Nf3 d5 2. d4 Nf6 3. c4 c6 4. e3 Bf5 5. Bd3 Bxd3 6. Qxd3 e6 7. Nc3 Nbd7 8.
O-O Bd6 9. e4 dxe4 10. Nxe4 Nxe4 11. Qxe4 Qc7 12. Bd2 Nf6 13. Qe2 h6 14. Bc3
O-O-O 15. c5 Bf8 16. Ne5 Nd5 17. Qf3 f6 18. Ng6 Rg8 19. Rfe1 Re8 20. g3 Qf7 21.
Ne5 Qc7 22. Nc4 g5 23. Qh5 Qd7 24. Qd1 Kb8 25. Qb3 h5 26. Ne3 Bg7 27. a4 f5 28.
Nc4 h4 29. Nd6 Ref8 30. a5 a6 31. Qc2 Rh8 32. Ra3 Ka8 33. Rb3 Rb8 34. Qe2 Rh6
35. Ra1 hxg3 36. fxg3 f4 37. Nc4 Rbh8 38. Nd6 Rxh2 39. Qxh2 Rxh2 40. Kxh2 Qd8
41. Rxb7 Qh8+ 42. Kg2 Ne3+ 43. Kf3 Qh5+ 44. Ke4 Qg6+ 45. Kf3 g4+ 46. Ke2 Qc2+
47. Bd2 Nc4 48. Rxg7 Qxd2+ 0-1

[Event "18. Open de Sants Hostafrancs 2016 - B"]
[Site "Barcelona ESP"]
[Date "2016.08.24"]
[Round "6.4"]
[White "Fernandez Martin, Javier"]
[Black "Ayala Abenza, Jose Luis"]
[Result "1/2-1/2"]
[WhiteElo "1963"]
[BlackElo "2071"]
[PlyCount "56"]
[EventDate "2016.08.19"]
[EventType "swiss"]
[EventRounds "10"]
[EventCountry "ESP"]
[SourceTitle "Ajedrez en Madrid"]
[Source "lmi"]
[SourceDate "2016.08.19"]

1. e4 e6 2. d4 d5 3. Nc3 Bb4 4. Nge2 dxe4 5. a3 Be7 6. Nxe4 Nf6 7. Nxf6+ Bxf6
8. c3 O-O 9. Be3 b6 10. Nf4 Bb7 11. Bd3 Nd7 12. Qg4 e5 13. Nh5 exd4 14. Nxf6+
Qxf6 15. Bxd4 Ne5 16. Bxe5 Qxe5+ 17. Kd2 Rad8 18. Kc2 Qc5 19. Qg3 Rd6 20. Rad1
Rfd8 21. Rhe1 Bc6 22. Kc1 g6 23. Bc2 Rxd1+ 24. Rxd1 Rxd1+ 25. Bxd1 Be4 26. Bc2
Bxc2 27. Kxc2 a5 28. Qf4 h5 1/2-1/2

[Event "18. Open de Sants Hostafrancs 2016 - B"]
[Site "Barcelona ESP"]
[Date "2016.08.24"]
[Round "6.5"]
[White "Fernandez Aguilar, Francisco"]
[Black "Catarineu Navines, Federico"]
[Result "1-0"]
[WhiteElo "2051"]
[BlackElo "1899"]
[PlyCount "43"]
[EventDate "2016.08.19"]
[EventType "swiss"]
[EventRounds "10"]
[EventCountry "ESP"]
[SourceTitle "Ajedrez en Madrid"]
[Source "lmi"]
[SourceDate "2016.08.19"]

1. d4 Nf6 2. Nf3 c5 3. c3 cxd4 4. cxd4 d5 5. Nc3 e6 6. Bf4 Bd6 7. Bxd6 Qxd6 8.
e3 O-O 9. Ne5 Nfd7 10. f4 Nxe5 11. fxe5 Qb4 12. Qc2 Bd7 13. Bd3 h6 14. O-O a6
15. Rf3 Nc6 16. Qf2 Qe7 17. Rf1 Rac8 18. Bb1 Be8 19. Rf6 Nb8 20. Qg3 Kh8 21.
Rxh6+ gxh6 22. Rf6 1-0

[Event "18. Open de Sants Hostafrancs 2016 - B"]
[Site "Barcelona ESP"]
[Date "2016.08.24"]
[Round "6.6"]
[White "Calderon Alzate, Ivan Alejandr"]
[Black "Mas Recorda, Pere"]
[Result "1/2-1/2"]
[WhiteElo "1953"]
[BlackElo "2027"]
[PlyCount "84"]
[EventDate "2016.08.19"]
[EventType "swiss"]
[EventRounds "10"]
[EventCountry "ESP"]
[SourceTitle "Ajedrez en Madrid"]
[Source "lmi"]
[SourceDate "2016.08.19"]

1. e4 e6 2. d3 d5 3. Nd2 c5 4. g3 Nc6 5. Bg2 g6 6. Ngf3 Bg7 7. O-O Nge7 8. Re1
Qc7 9. a4 O-O 10. Rb1 b6 11. b3 dxe4 12. dxe4 h6 13. Bb2 e5 14. Qe2 Be6 15. Nc4
Nd4 16. Nxd4 cxd4 17. Na3 Rac8 18. Rbc1 Qd7 19. Bf1 Nc6 20. Qd2 Nb8 21. Bb5 Qe7
22. Bc4 Bxc4 23. Nxc4 Rfd8 24. c3 dxc3 25. Qxc3 Nc6 26. Ba3 Qe6 27. Qe3 Nd4 28.
Bb2 Rc7 29. Bxd4 Rxd4 30. Red1 Rcd7 31. Qe2 Qc6 32. f3 Qc5 33. Kg2 Qb4 34. Qc2
b5 35. axb5 Qxb5 36. Rxd4 Rxd4 37. Rd1 Qd7 38. Rxd4 Qxd4 39. Qd2 Qxd2+ 40. Nxd2
Bf8 41. Nc4 f6 42. f4 exf4 1/2-1/2

[Event "18. Open de Sants Hostafrancs 2016 - B"]
[Site "Barcelona ESP"]
[Date "2016.08.24"]
[Round "6.7"]
[White "Gonzalez Saguillo, Oriol"]
[Black "Romero Castejon, Daniel"]
[Result "1/2-1/2"]
[WhiteElo "1860"]
[BlackElo "1993"]
[PlyCount "35"]
[EventDate "2016.08.19"]
[EventType "swiss"]
[EventRounds "10"]
[EventCountry "ESP"]
[SourceTitle "Ajedrez en Madrid"]
[Source "lmi"]
[SourceDate "2016.08.19"]

1. d4 d5 2. c4 c6 3. Nc3 Nf6 4. Nf3 e6 5. Bf4 Nbd7 6. e3 Be7 7. h3 O-O 8. c5
Ne4 9. Qc2 f5 10. Nxe4 fxe4 11. Ne5 Nxe5 12. Bxe5 b6 13. cxb6 Bb4+ 14. Kd1 Qxb6
15. f4 Ba6 16. Bxa6 Qxa6 17. Qe2 Qa4+ 18. Qc2 1/2-1/2

[Event "18. Open de Sants Hostafrancs 2016 - B"]
[Site "Barcelona ESP"]
[Date "2016.08.24"]
[Round "6.8"]
[White "Garcia Valero, Mario"]
[Black "Tolibayev, Timur"]
[Result "1/2-1/2"]
[WhiteElo "1892"]
[BlackElo "2096"]
[PlyCount "139"]
[EventDate "2016.08.19"]
[EventType "swiss"]
[EventRounds "10"]
[EventCountry "ESP"]
[SourceTitle "Ajedrez en Madrid"]
[Source "lmi"]
[SourceDate "2016.08.19"]

1. e4 e5 2. Nf3 Nc6 3. Bb5 a6 4. Ba4 Nf6 5. O-O Be7 6. Re1 b5 7. Bb3 d6 8. c3
O-O 9. h3 Nb8 10. a4 Bb7 11. d3 Nbd7 12. Nbd2 Nc5 13. Bc2 Re8 14. a5 Bf8 15.
Nf1 g6 16. Ng3 Bg7 17. b4 Ncd7 18. Bb2 c5 19. Bb3 d5 20. exd5 Nxd5 21. Ne4 Qc7
22. bxc5 Nxc5 23. Nxc5 Qxc5 24. c4 Nf4 25. cxb5 Qxb5 26. Re3 Rad8 27. Ne1 Bf8
28. Ba3 Bxa3 29. Rxa3 Re7 30. Ra1 Qc6 31. Rc1 Qd6 32. Bc4 e4 33. Qb3 exd3 34.
Rxe7 Qxe7 35. Bxd3 Nxh3+ 36. Kf1 Nf4 37. Bc4 Bd5 38. Bxd5 Qe2+ 39. Kg1 Nxd5 40.
Rd1 Qe7 41. Nf3 Nf6 42. Rxd8+ Qxd8 43. Qb6 Qxb6 44. axb6 Nd7 45. b7 a5 46. Ne5
Nb8 47. Nc4 a4 48. Kf1 h5 49. Ke2 g5 50. Kd3 Kf8 51. f3 Ke7 52. Kc3 f5 53. Kb4
h4 54. Ne3 Ke6 55. Kxa4 Ke5 56. Kb5 Kf4 57. Nf1 h3 58. gxh3 Kxf3 59. Kc4 Kf2
60. Nd2 Ke2 61. Nb3 f4 62. Nd4+ Ke3 63. Kd5 f3 64. Nxf3 Kxf3 65. Ke5 Kg3 66.
Kf5 Kh4 67. Kg6 Nd7 68. Kh6 Nb8 69. Kg6 Na6 70. Kh6 1/2-1/2

[Event "18. Open de Sants Hostafrancs 2016 - B"]
[Site "Barcelona ESP"]
[Date "2016.08.24"]
[Round "6.9"]
[White "Castrillo Mansego, Pablo"]
[Black "Khudov, Oleksandr"]
[Result "1-0"]
[WhiteElo "2028"]
[BlackElo "1890"]
[PlyCount "95"]
[EventDate "2016.08.19"]
[EventType "swiss"]
[EventRounds "10"]
[EventCountry "ESP"]
[SourceTitle "Ajedrez en Madrid"]
[Source "lmi"]
[SourceDate "2016.08.19"]

1. e4 e6 2. d4 d5 3. Nd2 c5 4. dxc5 Bxc5 5. Nb3 Nf6 6. Nxc5 Qa5+ 7. c3 Qxc5 8.
e5 Nfd7 9. Qg4 Nxe5 10. Qxg7 Ng6 11. Nf3 Nc6 12. Bd3 Qf8 13. Qf6 Bd7 14. Bg5
Rg8 15. O-O-O Qe7 16. h4 Qxf6 17. Bxf6 h6 18. g3 Bc8 19. Rhe1 Nf8 20. h5 Nd7
21. Bh4 Kf8 22. Bh7 Rh8 23. Bc2 Kg7 24. g4 Nf8 25. Rg1 f6 26. Nh2 Kf7 27. f4
Ne7 28. Nf3 Bd7 29. Rdf1 Bb5 30. Rf2 Nd7 31. Nd4 Bc6 32. Re1 Nf8 33. Nxe6 Nxe6
34. Rfe2 Ng8 35. Bg6+ Kg7 36. Rxe6 Rc8 37. Kd2 Bd7 38. Re7+ Nxe7 39. Rxe7+ Kf8
40. Rxd7 Rg8 41. Rf7+ Ke8 42. Rc7+ Kd8 43. Rxb7 Rc7 44. Rb8+ Rc8 45. Bxf6+ Kc7
46. Be5+ Kc6 47. Rxc8+ Rxc8 48. Bg7 1-0

[Event "18. Open de Sants Hostafrancs 2016 - B"]
[Site "Barcelona ESP"]
[Date "2016.08.24"]
[Round "6.10"]
[White "Lopez Baena, David"]
[Black "Sarto Ramos, Angel"]
[Result "1-0"]
[WhiteElo "2019"]
[BlackElo "1890"]
[PlyCount "40"]
[EventDate "2016.08.19"]
[EventType "swiss"]
[EventRounds "10"]
[EventCountry "ESP"]
[SourceTitle "Ajedrez en Madrid"]
[Source "lmi"]
[SourceDate "2016.08.19"]

1. d4 g6 2. e4 c6 3. c4 d5 4. e5 Bf5 5. Nc3 dxc4 6. Bxc4 b5 7. Bb3 a5 8. g4 Bc8
9. Be3 h5 10. g5 Bf5 11. Bc2 e6 12. Bxf5 exf5 13. Nh3 Ne7 14. Nf4 b4 15. Na4
Nd5 16. h4 Na6 17. Nxd5 Qxd5 18. O-O Nc7 19. Qd2 Be7 20. Rad1 Rd8 1-0

[Event "18. Open de Sants Hostafrancs 2016 - B"]
[Site "Barcelona ESP"]
[Date "2016.08.25"]
[Round "7.2"]
[White "Megias Chafer, Alejandro"]
[Black "Fernandez Aguilar, Francisco"]
[Result "1/2-1/2"]
[WhiteElo "2087"]
[BlackElo "2051"]
[PlyCount "68"]
[EventDate "2016.08.19"]
[EventType "swiss"]
[EventRounds "10"]
[EventCountry "ESP"]
[SourceTitle "Ajedrez en Madrid"]
[Source "lmi"]
[SourceDate "2016.08.19"]

1. e4 e5 2. Nf3 Nc6 3. Bb5 a6 4. Ba4 Nf6 5. d3 b5 6. Bb3 Be7 7. O-O d6 8. c3
O-O 9. Re1 Na5 10. Bc2 c5 11. Nbd2 Nc6 12. Nf1 h6 13. Ng3 Be6 14. h3 Re8 15.
Be3 d5 16. d4 cxd4 17. cxd4 exd4 18. Nxd4 Nxd4 19. Bxd4 dxe4 20. Nxe4 Rc8 21.
Be5 Qxd1 22. Bxd1 Nxe4 23. Rxe4 Bf5 24. Rf4 Bg6 25. Rf3 Bb4 26. Re3 Bc5 27. Re1
Bb4 28. Re2 f6 29. Bd4 Rxe2 30. Bxe2 Rc2 31. Kf1 Rd2 32. Rd1 Rxd1+ 33. Bxd1 Be4
34. Be2 f5 1/2-1/2

[Event "18. Open de Sants Hostafrancs 2016 - B"]
[Site "Barcelona ESP"]
[Date "2016.08.25"]
[Round "7.3"]
[White "Ayala Abenza, Jose Luis"]
[Black "Rodriguez Font, Roger"]
[Result "1/2-1/2"]
[WhiteElo "2071"]
[BlackElo "1963"]
[PlyCount "65"]
[EventDate "2016.08.19"]
[EventType "swiss"]
[EventRounds "10"]
[EventCountry "ESP"]
[SourceTitle "Ajedrez en Madrid"]
[Source "lmi"]
[SourceDate "2016.08.19"]

1. Nf3 f5 2. b3 Nf6 3. Bb2 e6 4. c4 d6 5. d4 Nbd7 6. Nc3 g6 7. Qc2 Bg7 8. g3
O-O 9. Bg2 c6 10. Ba3 Ne4 11. O-O Nxc3 12. Qxc3 Nf6 13. Nd2 c5 14. e3 Qc7 15.
Bb2 Bd7 16. Qd3 Rad8 17. Rac1 e5 18. b4 e4 19. Qb3 b6 20. Rfd1 Be6 21. Bf1 g5
22. Bg2 b5 23. bxc5 dxc5 24. dxc5 Rd3 25. Qc2 bxc4 26. Bf1 Rb8 27. Nxc4 Rxd1
28. Rxd1 Qxc5 29. Ba3 Qc8 30. Qa4 Qb7 31. Nd6 Qd7 32. Qxd7 Nxd7 33. Bc4 1/2-1/2

[Event "18. Open de Sants Hostafrancs 2016 - B"]
[Site "Barcelona ESP"]
[Date "2016.08.25"]
[Round "7.4"]
[White "Jove Grau, Lluis"]
[Black "Fernandez Martin, Javier"]
[Result "1-0"]
[WhiteElo "2063"]
[BlackElo "1963"]
[PlyCount "55"]
[EventDate "2016.08.19"]
[EventType "swiss"]
[EventRounds "10"]
[EventCountry "ESP"]
[SourceTitle "Ajedrez en Madrid"]
[Source "lmi"]
[SourceDate "2016.08.19"]

1. e4 d5 2. exd5 Qxd5 3. Nc3 Qd6 4. d4 Nf6 5. Nf3 Bg4 6. Be2 c6 7. O-O e6 8.
Bg5 Nbd7 9. Qd2 Qc7 10. h3 Bh5 11. Rfe1 O-O-O 12. Qe3 h6 13. Bf4 Bd6 14. Bxd6
Qxd6 15. Ne5 Rhf8 16. Nxd7 Qxd7 17. Bxh5 Nxh5 18. d5 cxd5 19. Qxa7 Qc6 20. a4
Kd7 21. Rad1 Nf6 22. Nb5 Ke7 23. Qe3 Ne4 24. Nd4 Qc4 25. f3 Nd6 26. Nxe6 Rfe8
27. Nxd8+ Kxd8 28. Qb6+ 1-0

[Event "18. Open de Sants Hostafrancs 2016 - B"]
[Site "Barcelona ESP"]
[Date "2016.08.25"]
[Round "7.5"]
[White "Castrillo Mansego, Pablo"]
[Black "Calderon Alzate, Ivan Alejandr"]
[Result "1/2-1/2"]
[WhiteElo "2028"]
[BlackElo "1953"]
[PlyCount "78"]
[EventDate "2016.08.19"]
[EventType "swiss"]
[EventRounds "10"]
[EventCountry "ESP"]
[SourceTitle "Ajedrez en Madrid"]
[Source "lmi"]
[SourceDate "2016.08.19"]

1. e4 e5 2. Nf3 Nc6 3. Nc3 Nf6 4. d4 exd4 5. Nxd4 Bb4 6. Nxc6 bxc6 7. Bd3 O-O
8. O-O d5 9. exd5 cxd5 10. Bg5 c6 11. Qf3 Be7 12. h3 Be6 13. Ne2 Nd7 14. Bf4 c5
15. c3 Bg5 16. Rfe1 Qf6 17. Qg3 Bh4 18. Qf3 Bg5 19. Qg3 Bh4 20. Qf3 Bg5 21. Qh5
h6 22. Bxg5 Qxg5 23. Qxg5 hxg5 24. Ng3 c4 25. Bf5 Nc5 26. Re2 Rab8 27. Rd1 Rb6
28. Rdd2 Rfb8 29. Bc2 g6 30. Bd1 Ra6 31. a3 Rab6 32. Nf1 Nd3 33. b4 cxb3 34.
Rxd3 b2 35. Nd2 b1=Q 36. Nxb1 Rxb1 37. Kh2 Ra1 38. a4 Rbb1 39. Red2 Kg7 1/2-1/2

[Event "18. Open de Sants Hostafrancs 2016 - B"]
[Site "Barcelona ESP"]
[Date "2016.08.25"]
[Round "7.6"]
[White "Mas Recorda, Pere"]
[Black "Minguell Soler, Joan"]
[Result "0-1"]
[WhiteElo "2027"]
[BlackElo "1951"]
[PlyCount "102"]
[EventDate "2016.08.19"]
[EventType "swiss"]
[EventRounds "10"]
[EventCountry "ESP"]
[SourceTitle "Ajedrez en Madrid"]
[Source "lmi"]
[SourceDate "2016.08.19"]

1. d4 Nf6 2. c4 g6 3. Nc3 d5 4. cxd5 Nxd5 5. e4 Nxc3 6. bxc3 Bg7 7. Bc4 O-O 8.
Ne2 c5 9. O-O Nc6 10. Be3 Na5 11. Bd3 cxd4 12. cxd4 Nc6 13. Bc4 Na5 14. Bd3 b6
15. Rc1 Bb7 16. Qd2 Qd7 17. f3 Rfd8 18. Rfd1 e6 19. Qb2 Rac8 20. Bb5 Qe7 21.
Bd2 Nc6 22. Bc3 Bh6 23. f4 a6 24. Bd3 b5 25. d5 exd5 26. Bf6 Qe8 27. Bxd8 Rxd8
28. e5 Na5 29. Qd4 Qe6 30. Rb1 Rc8 31. a4 Bf8 32. Kh1 b4 33. Rdc1 Rxc1+ 34.
Nxc1 Nc4 35. Nb3 Qc6 36. Rc1 Qxa4 37. Bxc4 dxc4 38. Qxc4 Qa2 39. Qc2 Qxc2 40.
Rxc2 Bd5 41. Na5 Kg7 42. Rc8 Be7 43. Rc7 Bd8 44. Rd7 Bxa5 45. Rxd5 b3 46. Rd7
Bb4 47. Rd3 b2 48. Rb3 Bc3 49. Rb7 Kf8 50. Kg1 a5 51. Kf2 Bb4 0-1